[Event "It (open)"]
[Site "Novosibirsk (Russia)"]
[Round "1"]
[White "Kharkovsky Dmitry (RUS)"]
[Black "Okladnikov Gennady (RUS)"]
[Result "1-0"]
[WhiteElo "2226"]
[BlackElo "2208"]

1.e4 e6 2.d4 d5 3.Nd2 Nf6 4.e5 Nfd7 5.Bd3 c5 6.c3 Nc6 7.Ne2 cxd4 8.cxd4 f6
9.exf6 Qxf6 10.Nf3 Bb4+ 11.Bd2 Bxd2+ 12.Qxd2 O-O 13.O-O e5 14.dxe5 Ndxe5
15.Nxe5 Nxe5 16.Ng3 Bg4 17.f4 Nc6 18.f5 Qd4+ 19.Kh1 Ne5 20.h3 Rf6 21.hxg4 Rh6+
22.Nh5 Nxg4 23.Be2 {#r} 1-0

[Event "It (open)"]
[Site "Nuernberg (Germany)"]
[Round "5"]
[White "Beyerlein Andreas (GER)"]
[Black "Holland Arthur (GER)"]
[Result "1-0"]
[WhiteElo "2119"]
[BlackElo "1839"]

1.e4 e6 2.d4 d5 3.Nd2 Nf6 4.e5 Nfd7 5.Bd3 c5 6.c3 Nc6 7.Ne2 cxd4 8.cxd4 Qb6
9.Nf3 Be7 10.a3 a5 11.O-O f6 12.Qc2 f5 13.Nf4 Nd8 14.Bxf5 exf5 15.Nxd5 Qg6
16.Nc7+ Kf8 17.Nxa8 {#r} 1-0

[Event "Ch World (juniors) (under 16)"]
[Site "Oropesa (Spain)"]
[Round "5"]
[White "Husnutdinov Damir (UZB)"]
[Black "Zhao Zong-Yuan (AUS)"]
[Result "1-0"]
[WhiteElo "2415"]
[BlackElo "2387"]

1.e4 e6 2.d4 d5 3.Nd2 Nf6 4.Bd3 c5 5.e5 Nfd7 6.c3 Nc6 7.Ne2 cxd4 8.cxd4 f6
9.exf6 Nxf6 10.Nf3 Bd6 11.O-O O-O 12.Bf4 Bxf4 13.Nxf4 Ne4 14.Nh5 g6 15.Ng3
Nxg3 16.hxg3 Qb6 17.Qa4 a6 18.Rfd1 Bd7 19.Rd2 Rad8 20.Qc2 Nxd4 21.Nxd4 Qxd4
22.Bxg6 {#r} 1-0

[Event "Ch World (juniors) (under 16) (g)"]
[Site "Oropesa (Spain)"]
[Round "11"]
[White "Ivkina Olga (RUS)"]
[Black "Bensdorp Marlies (NED)"]
[Result "1-0"]
[WhiteElo "2176"]
[BlackElo "2110"]

1.e4 e6 2.d4 d5 3.Nd2 Nf6 4.e5 Nfd7 5.Bd3 c5 6.c3 Nc6 7.Ne2 Qb6 8.Nf3 cxd4
9.cxd4 f6 10.exf6 Nxf6 11.O-O Bd6 12.Nc3 O-O 13.Bg5 Bd7 14.a3 Kh8 15.Bc2 Be8
16.Qd2 a6 17.Rae1 Ne7 18.Kh1 Qc7 19.Rxe6 Bf7 20.Rxf6 gxf6 21.Bxf6+ Kg8 22.Qh6
{#r} 1-0

[Event "It (open)"]
[Site "Polanica Zdroj (Poland)"]
[Round "4"]
[White "Chojnacki Krzysztof (POL)"]
[Black "Hermanowicz Dominika (POL)"]
[Result "1-0"]
[WhiteElo "2242"]
[BlackElo "2052"]

1.e4 e6 2.d4 d5 3.Nd2 Nf6 4.e5 Nfd7 5.Bd3 c5 6.c3 Nc6 7.Ne2 cxd4 8.cxd4 f6
9.exf6 Nxf6 10.O-O Bd6 11.Nf3 Qc7 12.Nc3 a6 13.Bg5 O-O 14.Rc1 Bd7 15.Re1 Ng4
16.g3 h5 17.Be3 Rf6 18.Nh4 Nxe3 19.Rxe3 g5 20.Ng6 Be8 {#r} 1-0

[Event "It (open)"]
[Site "Polanica Zdroj (Poland)"]
[Round "10"]
[White "Jasik Krzysztof (POL)"]
[Black "Heyken Enno (GER)"]
[Result "1-0"]
[WhiteElo "2255"]
[BlackElo "2339"]

1.e4 e6 2.d4 d5 3.Nd2 Nf6 4.e5 Nfd7 5.Bd3 c5 6.c3 Nc6 7.Ne2 cxd4 8.cxd4 f6
9.exf6 Qxf6 10.O-O Bd6 11.Nf3 h6 12.Be3 O-O 13.Bc2 Rd8 14.Qd2 Nb6 15.b3 Bd7
16.Bf4 Be8 17.Bxd6 Rxd6 18.Rfe1 Bh5 19.Ne5 Bxe2 20.Rxe2 Nd7 {#r} 1-0

[Event "It (open) (juniors)"]
[Site "St. Lo (France)"]
[Round "5"]
[White "Plasgura Petr (CZE)"]
[Black "Feller Sebastien (FRA)"]
[Result "1-0"]
[WhiteElo "2215"]
[BlackElo "2668"]

1.e4 e6 2.d4 d5 3.Nd2 Nf6 4.e5 Nfd7 5.Bd3 c5 6.c3 Nc6 7.Ne2 cxd4 8.cxd4 Qb6
9.Nf3 Bb4+ 10.Kf1 O-O 11.Bxh7+ Kxh7 12.Ng5+ Kg8 13.Qd3 g6 14.Qh3 {#r} 1-0

[Event "Ch China (team) (w)"]
[Site "Suzhou/Jiangsu (China)"]
[Round "9"]
[White "Zhong Yan (CHN)"]
[Black "Pan Qian (CHN)"]
[Result "0-1"]
[WhiteElo "2113"]
[BlackElo "2286"]

1.e4 e6 2.d4 d5 3.Nd2 Nf6 4.e5 Nfd7 5.Bd3 c5 6.c3 Nc6 7.Ne2 cxd4 8.cxd4 f6
9.exf6 Nxf6 10.O-O Bd6 11.Nf3 O-O 12.Bf4 Bxf4 13.Nxf4 Ne4 14.Ne2 Rxf3 15.gxf3
Ng5 16.Kh1 e5 17.dxe5 Nxf3 18.Ng1 Nfxe5 {#R} 0-1

[Event "Ch Asia (qual)"]
[Site "Teheran (Iran)"]
[Round "9"]
[White "Darban Morteza (IRI)"]
[Black "Roghani Arash (IRI)"]
[Result "1-0"]
[WhiteElo "2270"]
[BlackElo "2276"]

1.e4 e6 2.d4 d5 3.Nd2 Nf6 4.e5 Nfd7 5.Bd3 c5 6.c3 Nc6 7.Ne2 Qb6 8.Nf3 cxd4
9.cxd4 f6 10.exf6 Nxf6 11.O-O Bd6 12.Nc3 O-O 13.a3 Bd7 14.b4 e5 15.Nxd5 Nxd5
16.Bc4 Nxd4 17.Bxd5+ Kh8 18.Be3 Bb5 19.Re1 Rad8 20.Ng5 Bxb4 21.Qb1 Rf5 22.Qxf5
{#r} 1-0

[Event "It (open)"]
[Site "Trevias (Spain)"]
[Round "7"]
[White "Arias Rodriguez Santiago (ESP)"]
[Black "Martinez Riesgo Jesus (ESP)"]
[Result "1-0"]
[WhiteElo "2154"]
[BlackElo "1989"]

1.e4 e6 2.d4 d5 3.Nd2 Nf6 4.e5 Nfd7 5.Bd3 c5 6.c3 Nc6 7.Ne2 cxd4 8.cxd4 f6
9.Nf4 fxe5 10.Qh5+ g6 11.Bxg6+ hxg6 12.Qxg6+ {#r} 1-0

[Event "It (open)"]
[Site "Villa de Albox (Spain)"]
[Round "2"]
[White "Palac Mladen (CRO)"]
[Black "Caselas Cabanas Jacobo (ESP)"]
[Result "1-0"]
[WhiteElo "2572"]
[BlackElo "2340"]

1.e4 e6 2.d4 d5 3.Nd2 Nf6 4.e5 Nfd7 5.c3 c5 6.Bd3 Nc6 7.Ne2 cxd4 8.cxd4 f6
9.exf6 Nxf6 10.O-O Bd6 11.Nf3 Qb6 12.b3 Qc7 13.Bb2 O-O 14.Rc1 Ng4 15.Ng3 Bf4
16.Rc2 Bd7 17.Re1 Rf7 18.Nf1 Raf8 {#r} 1-0

[Event "It (cat.10)"]
[Site "Wijk aan Zee (Netherlands)"]
[Round "7"]
[White "Vink Nico (NED)"]
[Black "Gurevich Mikhail (TUR)"]
[Result "0-1"]
[WhiteElo "2302"]
[BlackElo "2605"]

1.e4 e6 2.d4 d5 3.Nd2 Nf6 4.e5 Nfd7 5.Bd3 c5 6.c3 Nc6 7.Ne2 cxd4 8.cxd4 f6
9.exf6 Nxf6 10.Nf3 Qc7 11.O-O Bd6 12.g3 O-O 13.Bf4 Ng4 14.Qd2 e5 15.dxe5 Ngxe5
16.Nxe5 Nxe5 17.Qc2 g5 18.Be3 Nf3+ 19.Kh1 Qf7 20.Qa4 Ne5 {#R} 0-1

[Event "Ch Brazil (team)"]
[Site "Rio de Janeiro (Brazil)"]
[Date "2001.08.26"]
[Round "4"]
[White "Silva Marlen"]
[Black "Marcolino Antonio C (BRA)"]
[Result "0-1"]
[WhiteElo "2087"]
[BlackElo "2136"]

1.e4 e6 2.d4 d5 3.Nd2 Nf6 4.e5 Nfd7 5.c3 c5 6.Bd3 Nc6 7.Ne2 cxd4 8.cxd4 f6
9.exf6 Nxf6 10.Nf3 Bd6 11.Bf4 Bxf4 12.Nxf4 O-O 13.O-O Ne4 14.Ne2 Rxf3 15.gxf3
Ng5 16.Ng3 Nxd4 17.Be2 Qf6 18.Rc1 e5 19.Rc3 Nh3+ 20.Kg2 Bd7 21.Rc7 Nf4+ 22.Kh1
Bc6 {#R} 0-1

[Event "It (open)"]
[Site "Bad Wiessee (Germany)"]
[Date "2001.10.28"]
[Round "2"]
[White "Akopian Vladimir (ARM)"]
[Black "Tolhuizen Ludo (NED)"]
[Result "1-0"]
[WhiteElo "2660"]
[BlackElo "2210"]

1.e4 e6 2.d4 d5 3.Nd2 Nf6 4.e5 Nfd7 5.c3 c5 6.Bd3 Nc6 7.Ne2 cxd4 8.cxd4 f6
9.exf6 Qxf6 10.Nf3 h6 11.O-O Bd6 12.Ng3 O-O 13.Bb1 Rd8 14.Re1 Nf8 15.Ne5 Qh4
16.f4 Bd7 17.Be3 Be8 18.Rf1 Bxe5 19.fxe5 Rac8 20.Rf4 Qe7 21.Rg4 Kh8 22.h4 Qb4
23.Bxh6 {#r} 1-0

[Event "It (open)"]
[Site "Bad Woerishofen (Germany)"]
[Round "2"]
[White "Naiditsch Arkadij (GER)"]
[Black "Schnur Gerhard (GER)"]
[Result "1-0"]
[WhiteElo "2585"]
[BlackElo "2137"]

1.e4 e6 2.d4 d5 3.Nd2 Nf6 4.e5 Nfd7 5.Bd3 c5 6.c3 Nc6 7.Ne2 cxd4 8.cxd4 Qb6
9.Nf3 f6 10.exf6 Nxf6 11.O-O Bd6 12.Bf4 Bxf4 13.Nxf4 O-O 14.Qd2 Kh8 15.Ng5 e5
16.dxe5 Nxe5 17.Rae1 Nxd3 18.Qxd3 Bd7 19.Re5 Qxb2 20.Nxh7 Nxh7 21.Ng6+ Kg8
22.Ne7+ {#r} 1-0

[Event "Tournament"]
[Site "Berlin (Germany)"]
[Round "6"]
[White "Priebe Jan (GER)"]
[Black "Herrmann Carsten (GER)"]
[Result "1-0"]
[WhiteElo "2196"]
[BlackElo "1992"]

1.e4 e6 2.d4 d5 3.Nd2 Nf6 4.e5 Nfd7 5.Bd3 c5 6.c3 Nc6 7.Ne2 cxd4 8.cxd4 Nb6
9.f4 Bd7 10.O-O Rc8 11.Nf3 Nb4 12.Bb1 a5 13.Nc3 h5 14.g3 Be7 15.h3 Bc6 16.f5
Kd7 17.h4 Kc7 18.Bg5 exf5 19.a3 Na6 20.Bxf5 Bd7 21.Qd3 Re8 22.Nb5+ Bxb5
23.Qxb5 {#r} 1-0

[Event "Olympiad"]
[Site "Bled (Slovenia)"]
[Round "3"]
[White "Chumfwa Stanley (ZAM)"]
[Black "Rodgaard John (FAI)"]
[Result "0-1"]
[WhiteElo "2294"]
[BlackElo "2349"]

1.e4 e6 2.d4 d5 3.Nd2 Nf6 4.e5 Nfd7 5.Bd3 c5 6.c3 Nc6 7.Ne2 cxd4 8.cxd4 f6
9.exf6 Nxf6 10.Nf3 Bd6 11.O-O Qc7 12.Nc3 a6 13.Bg5 O-O 14.Bh4 Nh5 15.Re1 g6
16.Rc1 Qg7 17.Bf1 Bd7 18.Na4 Rxf3 19.Nb6 Rff8 20.Nxa8 Rxa8 {#R} 0-1

[Event "It (open)"]
[Site "Bosnjaci (Croatia)"]
[Round "4"]
[White "Nurkic Sahbaz (BIH)"]
[Black "Radosavljevic Petar (CRO)"]
[Result "1-0"]
[WhiteElo "2379"]
[BlackElo "2125"]

1.e4 e6 2.d4 d5 3.Nd2 Nf6 4.e5 Nfd7 5.Bd3 c5 6.c3 Nc6 7.Ne2 cxd4 8.cxd4 f6
9.exf6 Nxf6 10.Nf3 Bd6 11.O-O O-O 12.Bf4 Qc7 13.Bg3 e5 14.dxe5 Nxe5 15.Nxe5
Bxe5 16.Rc1 Qd6 17.Qb3 Kh8 18.f4 {#r} 1-0

[Event "Moravian League 2002/03 (1st)"]
[Site "Czech Republic"]
[Round "4"]
[White "Nepomucky Ondrej (CZE)"]
[Black "Hrivnak Daniel (CZE)"]
[Result "0-1"]
[WhiteElo "2137"]
[BlackElo "2238"]

1.e4 e6 2.d4 d5 3.Nd2 Nf6 4.e5 Nfd7 5.Bd3 c5 6.c3 Nc6 7.Ne2 cxd4 8.cxd4 f6
9.exf6 Nxf6 10.O-O Bd6 11.Nf3 Qc7 12.Nc3 a6 13.Bg5 O-O 14.Re1 Ng4 15.h3 Bh2+
16.Kf1 Nxf2 17.Kxf2 Qg3+ 18.Ke3 e5 19.Nxd5 Nxd4 20.Bh4 Qxg2 21.Nxd4 Bf4+ {#R}
0-1

[Event "Ch Argentina (juniors) (under 16)"]
[Site "Esperanza (Argentina)"]
[Round "1"]
[White "Duarte Leonardo (ARG)"]
[Black "Mashal Ruben (ARG)"]
[Result "0-1"]
[WhiteElo "2144"]
[BlackElo "2088"]

1.e4 e6 2.d4 d5 3.Nd2 Nf6 4.e5 Nfd7 5.Bd3 c5 6.c3 Nc6 7.Ne2 cxd4 8.cxd4 Qb6
9.Nf3 f6 10.exf6 Nxf6 11.O-O Bd6 12.b3 O-O 13.Bg5 e5 14.dxe5 Nxe5 15.Nxe5 Bxe5
16.Rc1 Ng4 17.Be3 Nxe3 18.fxe3 Qxe3+ 19.Kh1 Rxf1+ 20.Qxf1 Qxd3 21.Qf2 Qf5
22.Qc5 Be6 23.Qe7 Qf7 {#R} 0-1

[Event "Ch France (team) (juniors) 2002/03"]
[Site "France"]
[Round "2"]
[White "Delivre Raphael (FRA)"]
[Black "Dubessay Bastien (FRA)"]
[Result "1-0"]
[WhiteElo "2079"]
[BlackElo "2329"]

1.e4 e6 2.d4 d5 3.Nd2 Nf6 4.e5 Nfd7 5.c3 c5 6.Bd3 Nc6 7.Ne2 cxd4 8.cxd4 Qb6
9.Nf3 Be7 10.O-O O-O 11.Qc2 h6 12.a3 f6 13.Bh7+ Kh8 14.Nf4 Rf7 15.Ng6+ Kxh7
16.Nf8+ Kg8 17.Qh7+ Kxf8 18.Qh8# 1-0

[Event "Hessenliga 2001/02"]
[Site "Germany"]
[Round "5"]
[White "Gries Volker (GER)"]
[Black "Starke Dieter (GER)"]
[Result "1-0"]
[WhiteElo "2155"]
[BlackElo "2240"]

1.e4 e6 2.d4 d5 3.Nd2 Nf6 4.e5 Nfd7 5.Bd3 c5 6.c3 Nc6 7.Ne2 cxd4 8.cxd4 f6
9.exf6 Nxf6 10.O-O Qb6 11.Nf3 Bd6 12.Nc3 O-O 13.a3 Bd7 14.b4 e5 15.Nxd5 Nxd5
16.Bc4 Nxd4 17.Bxd5+ Kh8 18.Ng5 Bb5 19.Qh5 {#r} 1-0

[Event "It (b)"]
[Site "Helsinki (Finland)"]
[Round "8"]
[White "Mavrichev Juri (RUS)"]
[Black "Malmberg Mio (SWE)"]
[Result "0-1"]
[WhiteElo "2038"]
[BlackElo "2098"]

1.e4 e6 2.d4 d5 3.Nd2 Nf6 4.e5 Nfd7 5.Bd3 c5 6.c3 Nc6 7.Ne2 cxd4 8.cxd4 f6
9.Nf4 Nxd4 10.Qh5+ Ke7 11.Ng6+ hxg6 12.exf6+ Nxf6 13.Qxh8 Kf7 14.O-O e5 15.f3
Nc2 16.Qh4 Nxa1 17.Qg5 Bf5 18.Bxf5 gxf5 19.Qxf5 Rc8 20.Qxe5 Bd6 21.Qf5 Qb6+
22.Kh1 Qc7 23.Re1 Re8 {#R} 0-1

[Event "Ch World (juniors) (under 14) (g)"]
[Site "Heraklio (Greece)"]
[Round "4"]
[White "Olsen Miriam F (DEN)"]
[Black "Arutyunova Diana (UKR)"]
[Result "0-1"]
[WhiteElo "1895"]
[BlackElo "2200"]

1.e4 e6 2.d4 d5 3.Nd2 Nf6 4.e5 Nfd7 5.Bd3 c5 6.c3 Nc6 7.Ndf3 cxd4 8.cxd4 f6
9.exf6 Nxf6 10.Ne2 Bd6 11.O-O Qc7 12.Nc3 a6 13.Re1 O-O 14.Bg5 Ng4 15.h3 Bh2+
16.Kf1 Nxf2 17.Kxf2 Qg3+ 18.Kf1 Qxg5 19.Bc2 g6 20.a3 Qh4 21.Ne2 e5 22.dxe5
Rxf3+ {#R} 0-1

[Event "It (open)"]
[Site "Karvina (Czech Republic)"]
[Round "4"]
[White "Szotek Josef (CZE)"]
[Black "Turon Petr (CZE)"]
[Result "0-1"]
[WhiteElo "2029"]
[BlackElo "2132"]

1.e4 e6 2.d4 d5 3.Nd2 Nf6 4.e5 Nfd7 5.Bd3 c5 6.c3 Nc6 7.Ne2 Qb6 8.Nf3 cxd4
9.cxd4 f6 10.exf6 Nxf6 11.O-O Bd6 12.Re1 O-O 13.a3 e5 14.dxe5 Nxe5 15.Nxe5
Bxe5 16.Ng3 Ng4 17.Be3 Nxe3 18.Rxe3 Qxb2 19.Bxh7+ Kh8 20.Qh5 Qxf2+ 21.Kh1 Qxe3
{#R} 0-1

[Event "Memorial I.Stepichev"]
[Site "Kiev (Ukraine)"]
[Round "6"]
[White "Arutiunov Viktor (UKR)"]
[Black "Gorbov Alexey (UKR)"]
[Result "1-0"]
[WhiteElo "2088"]
[BlackElo "2174"]

1.e4 e6 2.d4 d5 3.Nd2 Nf6 4.e5 Nfd7 5.Bd3 c5 6.c3 Nc6 7.Ne2 cxd4 8.cxd4 f6
9.exf6 Nxf6 10.f4 Bd6 11.O-O O-O 12.Nf3 Bd7 13.Ne5 Rc8 14.Be3 Ne7 15.Qb3 Qc7
16.Nc3 a6 17.Rac1 Qb8 18.Bf2 g6 19.Bh4 Bc6 20.Na4 Nf5 21.Bxf5 exf5 22.Nb6 Rcd8
23.Nxc6 bxc6 24.Rxc6 {#r} 1-0

[Event "It (cat.9)"]
[Site "Krasnodar (Russia)"]
[Round "0"]
[White "Nadyrhanov Sergey (RUS)"]
[Black "Bagirov Rufat (AZE)"]
[Result "1-0"]
[WhiteElo "2475"]
[BlackElo "2494"]

1.e4 e6 2.d4 d5 3.Nd2 Nf6 4.e5 Nfd7 5.Bd3 c5 6.c3 Nc6 7.Ne2 cxd4 8.cxd4 Nb6
9.a3 Bd7 10.O-O Be7 11.Nf3 Rc8 12.b3 O-O 13.Ng3 a5 14.Nh5 f5 15.exf6 Bxf6
16.Nxf6+ Qxf6 17.Bg5 Qf7 18.Be3 Qf6 19.Bg5 Qf7 20.Be3 Qf6 21.Ne5 a4 22.bxa4
Na5 23.Qb1 {#r} 1-0

[Event "Memorial Pablo Gorbea (open)"]
[Site "Madrid (Spain)"]
[Round "8"]
[White "Ballesteros David (ESP)"]
[Black "Martin Martin Luis Vicente (ESP)"]
[Result "1-0"]
[WhiteElo "2289"]
[BlackElo "2143"]

1.e4 e6 2.d4 d5 3.Nd2 Nf6 4.e5 Nfd7 5.Bd3 c5 6.c3 Nc6 7.Ne2 cxd4 8.cxd4 f6
9.f4 fxe5 10.fxe5 Nxd4 11.O-O Qb6 12.Kh1 Nxe5 13.Nxd4 Nxd3 14.N2f3 Nxc1
15.Rxc1 Be7 16.Ne5 g6 17.Qa4+ {#r} 1-0

[Event "It (open) \"]
[Site "Novosibirsk (Russia)"]
[Round "7"]
[White "Karpov Viktor (RUS)"]
[Black "Rudykh Sergey (RUS)"]
[Result "1-0"]
[WhiteElo "2185"]
[BlackElo "2074"]

1.e4 e6 2.d4 d5 3.Nd2 Nf6 4.e5 Nfd7 5.c3 c5 6.Bd3 Nc6 7.Ndf3 cxd4 8.cxd4 Qb6
9.Ne2 f6 10.exf6 Nxf6 11.O-O Bd6 12.Nc3 a6 13.a3 O-O 14.Re1 Bd7 15.h3 Rae8
16.Bg5 Bc8 17.b4 Kh8 18.Bc2 Re7 19.Qd3 Bd7 20.Bxf6 gxf6 21.Nxd5 {#r} 1-0

[Event "It (open)"]
[Site "San Fernando (Spain)"]
[Round "2"]
[White "Cebada Benitez Fernando (ESP)"]
[Black "Campos G Luis Maria (ESP)"]
[Result "0-1"]
[WhiteElo "2033"]
[BlackElo "2449"]

1.e4 e6 2.d4 d5 3.Nd2 Nf6 4.e5 Nfd7 5.Bd3 c5 6.c3 Nc6 7.Ne2 cxd4 8.O-O Bd6
9.Nf3 Qc7 10.g3 O-O 11.Bf4 Bxe5 12.Rc1 Qd6 13.Qd2 Re8 14.Rc2 Qf8 {#R} 0-1

[Event "It (open)"]
[Site "Savaria (Hungary)"]
[Round "4"]
[White "Argyo Nora (ROM)"]
[Black "Juhasz Zsuzsanna (HUN)"]
[Result "1-0"]
[WhiteElo "2065"]
[BlackElo "2034"]

1.e4 e6 2.d4 d5 3.Nd2 Nf6 4.e5 Nfd7 5.Bd3 c5 6.c3 Nc6 7.Ne2 cxd4 8.cxd4 f6
9.exf6 Nxf6 10.Nf3 Bd6 11.O-O O-O 12.Bf4 Bxf4 13.Nxf4 Ne4 14.g3 Qf6 15.Bxe4
dxe4 16.Nd2 Qxd4 17.Re1 e5 18.Rxe4 Qb6 19.Nc4 Qb5 20.Nd6 Qxb2 21.Qd5+ Kh8
22.Ng6+ {#r} 1-0

[Event "Memorial A. Petrov (open)"]
[Site "St. Petersburg (Russia)"]
[Round "5"]
[White "Turkin Viktor (RUS)"]
[Black "Bashkirov Valentin (RUS)"]
[Result "1-0"]
[WhiteElo "2285"]
[BlackElo "2089"]

1.e4 e6 2.d4 d5 3.Nd2 Nf6 4.e5 Nfd7 5.Bd3 c5 6.c3 Nc6 7.Ne2 cxd4 8.cxd4 f6
9.exf6 Nxf6 10.O-O Bd6 11.Nf3 Qc7 12.Bg5 O-O 13.Rc1 a6 14.Qc2 Qf7 15.a3 Qh5
16.Ng3 Bxg3 17.fxg3 Nxd4 18.Nxd4 Qxg5 19.Rce1 Re8 20.Nf3 Qh6 21.Ne5 Nd7 22.Nf7
Qh5 23.g4 Qh4 24.g3 {#r} 1-0

[Event "Ch Iran"]
[Site "Teheran (Iran)"]
[Round "1"]
[White "Khaghani Mehdi (IRI)"]
[Black "Khaghani Babak (IRI)"]
[Result "1-0"]
[WhiteElo "2226"]
[BlackElo "2225"]

1.e4 e6 2.d4 d5 3.Nd2 Nf6 4.e5 Nfd7 5.Bd3 c5 6.c3 Nc6 7.Ne2 Qb6 8.Nf3 cxd4
9.cxd4 f6 10.exf6 Nxf6 11.O-O Bd6 12.b3 O-O 13.Bb2 Bd7 14.Ng3 Rae8 15.Ne5 Bc8
16.Rc1 g6 17.h4 Nxd4 18.Nxg6 Bxg3 19.Nxf8 Kxf8 20.fxg3 Ne2+ 21.Kh2 {#r} 1-0

[Event "It (open)"]
[Site "Villa Ballester (Argentina)"]
[Date "2002.01.03"]
[Round "1"]
[White "Pesoa Martin (ARG)"]
[Black "Ferro Ezequiel (ARG)"]
[Result "0-1"]
[WhiteElo "2021"]
[BlackElo "2106"]

1.e4 e6 2.d4 d5 3.Nd2 Nf6 4.e5 Nfd7 5.Bd3 c5 6.c3 Nc6 7.Ne2 cxd4 8.cxd4 f6
9.exf6 Nxf6 10.O-O Bd6 11.Nf3 Qc7 12.Nc3 a6 13.Re1 O-O 14.Bg5 Ng4 15.h3 Bh2+
16.Kf1 Nxf2 17.Kxf2 Qg3+ 18.Kf1 Qxg5 19.Na4 e5 {#R} 0-1

[Event "Ch Hungary (team) 2001/02 (2 liga)"]
[Site "Hungary"]
[Date "2002.01.13"]
[Round "5"]
[White "Utto Ferenc (HUN)"]
[Black "Neber Akos (HUN)"]
[Result "1-0"]
[WhiteElo "1978"]
[BlackElo "2182"]

1.e4 e6 2.d4 d5 3.Nd2 Nf6 4.e5 Nfd7 5.Bd3 c5 6.c3 Nc6 7.Ne2 cxd4 8.cxd4 f6
9.f4 fxe5 10.fxe5 Nxd4 11.O-O Bc5 12.Kh1 Nxe5 13.Nxd4 Bxd4 14.Nb3 Nxd3 15.Nxd4
Nxc1 16.Qh5+ g6 17.Qe5 Rf8 18.Raxc1 Rxf1+ 19.Rxf1 Qb6 20.Qg7 Qc5 21.Nb5 Qe7
22.Nc7+ Kd8 23.Rf7 {#r} 1-0

[Event "Ch Great Britain (Major Open)"]
[Site "Torquay (England)"]
[Date "2002.08.07"]
[Round "9"]
[White "Pym Thomas W (ENG)"]
[Black "Grassie Duncan (SCO)"]
[Result "0-1"]
[WhiteElo "1998"]
[BlackElo "1981"]

1.e4 e6 2.d4 d5 3.Nd2 Nf6 4.e5 Nfd7 5.Bd3 c5 6.c3 Nc6 7.Ne2 cxd4 8.cxd4 f6
9.exf6 Nxf6 10.f4 Bd6 11.Nf3 O-O 12.O-O Qb6 13.Kh1 Bd7 14.Ne5 Bxe5 15.fxe5 Ng4
16.Nf4 Qxd4 17.Qc2 Ncxe5 18.Bxh7+ Kh8 19.h3 Rac8 20.Qe2 Kxh7 21.hxg4 Ng6
22.Be3 Qe4 23.Qf2 e5 {#R} 0-1

[Event "It (open)"]
[Site "Bratto (Italy)"]
[Date "2002.08.25"]
[Round "6"]
[White "Del-Giudice Stefano (ITA)"]
[Black "Astengo Marcello (ITA)"]
[Result "1-0"]
[WhiteElo "2077"]
[BlackElo "2092"]

1.e4 e6 2.d4 d5 3.Nd2 Nf6 4.e5 Nfd7 5.Bd3 c5 6.c3 Nc6 7.Ne2 Qb6 8.Nf3 cxd4
9.cxd4 f6 10.exf6 Nxf6 11.O-O Bd6 12.Nf4 O-O 13.Re1 Nb4 14.Bb1 Bd7 15.a3 Na6
16.Ne5 Rac8 17.Nxd7 Nxd7 18.Nxe6 Rfe8 19.Qg4 Be5 20.Bxh7+ Kxh7 21.Rxe5 Rxe6
22.Rxe6 Qb3 23.Bh6 Rg8 24.Qg6+ {#r} 1-0

[Event "Tournament (weekend)"]
[Site "Vicenza (Italy)"]
[Round "2"]
[White "Alberton Roberto (ITA)"]
[Black "Verducci Gianni (ITA)"]
[Result "0-1"]
[WhiteElo "2123"]
[BlackElo "2015"]

1.e4 e6 2.d4 d5 3.Nd2 Nf6 4.e5 Nfd7 5.Bd3 c5 6.c3 Qb6 7.Ne2 Nc6 8.Nf3 cxd4
9.cxd4 Bb4+ 10.Kf1 O-O 11.h4 f6 12.exf6 Nxf6 13.h5 e5 14.dxe5 Ng4 {#R} 0-1

[Event "Ch Africa (w)"]
[Site "Abuja (Nigeria)"]
[Round "4"]
[White "Ellappen Jenine (RSA)"]
[Black "Bouchemat Nassiba (ALG)"]
[Result "1-0"]
[WhiteElo "2031"]
[BlackElo "1927"]

1.e4 e6 2.d4 d5 3.Nd2 Nf6 4.e5 Nfd7 5.Bd3 c5 6.c3 Nc6 7.Ne2 cxd4 8.cxd4 Be7
9.O-O O-O 10.Nf3 f6 11.Nf4 Nb6 12.exf6 Bxf6 13.Re1 Re8 14.Nh5 h6 15.Bc2 Nb4
16.Bb1 Qe7 17.a3 Nc6 18.Qd3 Kf8 19.Qh7 Qd8 20.Bg6 Bd7 21.Bxh6 {#r} 1-0

[Event "It (open)"]
[Site "Avoine (France)"]
[Round "8"]
[White "Muntadas Alan (IRL)"]
[Black "Giroux Fabrice (FRA)"]
[Result "0-1"]
[WhiteElo "1987"]
[BlackElo "2237"]

1.e4 e6 2.d4 d5 3.Nd2 Nf6 4.e5 Nfd7 5.Bd3 c5 6.c3 Nc6 7.Ne2 cxd4 8.cxd4 f6
9.exf6 Nxf6 10.Nf3 Bd6 11.Bf4 Bxf4 12.Nxf4 O-O 13.Rc1 Ne4 14.g3 g5 15.Ne2 Rxf3
{#R} 0-1

[Event "It (open)"]
[Site "Bad Woerishofen (Germany)"]
[Round "5"]
[White "Buchner Rudolf (GER)"]
[Black "Walton Alan J (ENG)"]
[Result "1-0"]
[WhiteElo "2267"]
[BlackElo "2187"]

1.e4 e6 2.d4 d5 3.Nd2 Nf6 4.e5 Nfd7 5.Bd3 c5 6.c3 Nc6 7.Ne2 cxd4 8.cxd4 Qb6
9.Nf3 f6 10.exf6 Nxf6 11.O-O Bd6 12.Bf4 Bxf4 13.Nxf4 Qxb2 14.Qa4 O-O 15.Rab1
Qc3 16.Bb5 Ng4 17.Ne2 Qa5 18.Bxc6 Qc7 19.h3 Nxf2 20.Rxf2 bxc6 21.Rbf1 Bd7
22.Qc2 Rac8 23.Ng5 {#r} 1-0

[Event "It (open) \"]
[Site "Belgrade (Yugoslavia)"]
[Round "8"]
[White "Skaric Djuro (SRB)"]
[Black "Strbac Mladen (SRB)"]
[Result "1-0"]
[WhiteElo "2147"]
[BlackElo "2219"]

1.e4 e6 2.d4 d5 3.Nd2 Nf6 4.e5 Nfd7 5.Bd3 c5 6.c3 Nc6 7.Ne2 cxd4 8.cxd4 f6
9.exf6 Qxf6 10.Nf3 Bd6 11.Bg5 Qf7 12.O-O e5 13.dxe5 Ndxe5 14.Nxe5 Bxe5 15.Qc2
Bxh2+ 16.Kxh2 Qh5+ 17.Kg1 Qxg5 18.Nc3 O-O 19.f4 Rxf4 20.Nxd5 Rh4 21.Nc7 Qe3+
22.Rf2 Rb8 23.Bc4+ Kh8 24.Qe2 Qe7 {#r} 1-0

[Event "It (cat.2) (a)"]
[Site "Budapest (Hungary)"]
[Round "6"]
[White "Gara Ticia (HUN)"]
[Black "Galyas Miklos (HUN)"]
[Result "0-1"]
[WhiteElo "2296"]
[BlackElo "2438"]

1.e4 e6 2.d4 d5 3.Nd2 Nf6 4.e5 Nfd7 5.Bd3 c5 6.c3 Nc6 7.Ne2 cxd4 8.cxd4 f6
9.Nf4 Nxd4 10.Qh5+ Ke7 11.exf6+ Nxf6 12.Ng6+ hxg6 13.Qxh8 Kf7 14.Nf3 Bb4+ {#R}
0-1